[Event "40th IND-chT Open 2020"]
[Site "Ahmedabad"]
[Date "2020.02.08"]
[Round "2.1"]
[White "Gupta, Abhijeet"]
[Black "Agarwal, Brajesh"]
[Result "1-0"]
[WhiteElo "2608"]
[BlackElo "1794"]
[Annotator "TA"]
[PlyCount "77"]
[EventDate "2020.02.05"]
[EventCountry "IND"]
[SourceTitle "playchess.com"]
[Source "ChessBase"]
[SourceQuality "1"]

{[%evp 15,77,37,72,73,76,70,75,56,54,25,116,71,69,69,66,58,72,60,68,59,58,54,44,27,35,13,26,0,0,0,-13,-17,-31,-24,-30,-68,29,-165,74,82,46,37,25,-7,91,91,58,118,55,39,675,-105,93,81,100,-37,1256,295,29988,-79,29992,1727,3039,248]} 1. d4 Nf6 2. c4 e6 3. Nf3 b6 4. a3 Bb7 5. Nc3 Be7 6. d5 O-O 7. e4 d6 8. Be2 e5 9. h3 $5 {[%mdl 4] An interesting side line. E12: Queen's Indian: Unusual White 4th moves, 4 a3, 4 Nc3 Bb7 5 a3 and 4 Nc3 Bb7 .} a5 10. Be3 Nbd7 {[%cal Bb8d7,Bd7c5,Bc5b3][%mdl 32] [#]} 11. g4 $146 {White is better.} ({Predecessor:} 11. Qc2 Nc5 12. O-O Bc8 13. b4 axb4 14. axb4 Rxa1 15. Rxa1 Na6 16. Qb3 Nb8 17. c5 dxc5 18. bxc5 {0-1 (55) Obermayr,H (2195)-Ramusch,A (1999) Austria 2012}) 11... Nc5 12. Qc2 $1 Nfd7 (12... c6 $11) 13. h4 a4 14. O-O-O Nb3+ 15. Kb1 Ndc5 16. h5 Bc8 17. Rhg1 Bd7 18. Rg3 Kh8 19. Bf1 Rb8 20. Ka2 Qc8 21. Be2 Bxg4 22. h6 g6 {With the idea ...f5.} 23. Rxg4 $1 Qxg4 {[#]} 24. Nxe5 $1 {[%mdl 512]} Qh4 (24... dxe5 25. Bxg4) 25. Nc6 Ra8 ({Better is} 25... Bg5 $15 26. Bxg5 Qxg5) 26. Qb1 $2 (26. Bf3 $11) 26... Rfe8 $2 (26... Bg5 $1 $19 {[%cal Rg5e3] aiming for ...Bxe3.} 27. Rh1 Bxe3 $1 {[%mdl 512]} 28. Rxh4 Nc1+ 29. Qxc1 Bxc1) 27. Rh1 $16 {[%mdl 1024] White has strong compensation.} Qf6 28. Rh3 Kg8 29. Qh1 Qh8 (29... Bd8 $11) 30. e5 $1 dxe5 31. Nxe7+ Rxe7 32. d6 $1 Rae8 $2 {[%mdl 8192]} (32... Ree8 $14) 33. dxc7 $2 (33. dxe7 $18 e4 34. Bxc5 bxc5 35. Qxe4) 33... Qf6 $2 (33... Rxc7 $17 34. Nd5 Rd7) 34. Nd5 $36 {[%mdl 2048] White has strong initiative.} Qd6 35. Bg4 ({Reject} 35. Nxe7+ $6 Qxe7 36. Qc6 Rc8 $11) ({White should play} 35. f4 $1 $16 {[%cal Rf4e5] Black must now prevent fxe5.} Rxc7 36. fxe5 Qxe5 37. Bf4 Qxe2 38. Nf6+ {[%mdl 64] Double Attack} Kf8 39. Re3 $1 {[%mdl 576] Deflection} (39. Bxc7 Ne4 $11) (39. Nxh7+ Kg8 $11) 39... Qxe3 40. Bxe3 Rxe3 41. Qa8+ Ke7 42. Nd5+ {[%mdl 64] Double Attack} Kd7 43. Nxe3) 35... Nd7 $2 {[%mdl 8192]} (35... Rxc7 $15 36. Bg5 f5 37. Nf6+ Kf8 38. Nxe8 Kxe8 39. Qa8+ Kd7 40. Qd8+ Kc6 41. Bf3+ e4 42. Qxd6+ Kxd6 43. Bf4+ Kd7 44. Bxc7 Kxc7) 36. Bf5 $2 (36. Bg5 Re6 37. Bxe6 Qxe6 38. Bd8) 36... gxf5 $2 (36... Re6 $18) 37. Bg5 $2 (37. Qg2+ {mates} Qg6 38. Nxe7+ {[%mdl 64] Pin} Kf8 39. Nxg6+ hxg6 40. Qc6 $1 {[%mdl 512]} Ke7 41. c8=Q {[%mdl 64] Promotion} Rxc8 42. Qxc8) 37... Qc6 $2 {[%mdl 8192]} (37... f6 $17 38. Qg2 Kh8 39. Nxe7 Qxe7) 38. Bxe7 (38. Nxe7+ $142 Kf8 39. Qxc6 Nbc5 40. c8=Q f6 {[#]} 41. Ng6+ $1 {[%mdl 512]} Kf7 42. Q8xd7+ $1 {[%mdl 512]} Nxd7 43. Qxd7+ {[%mdl 64] Double Attack} Re7 44. Qxe7+ {[%mdl 64] Double Attack} Kxg6 45. Qxf6#) 38... Qe6 39. Nf6+ $2 {Accuracy: White = 57%, Black = 42%.} (39. Qg1+ Qg6 40. Qxg6+ fxg6 41. Bd8) 1-0

[Event "40th IND-chT Open 2020"]
[Site "Ahmedabad"]
[Date "2020.02.08"]
[Round "2.2"]
[White "Sriram, Jha"]
[Black "Karthikeyan, Murali"]
[Result "1/2-1/2"]
[WhiteElo "2383"]
[BlackElo "2602"]
[Annotator "TA"]
[PlyCount "67"]
[EventDate "2020.02.05"]
[EventCountry "IND"]
[SourceTitle "playchess.com"]
[Source "ChessBase"]
[SourceQuality "1"]

{[%evp 14,67,37,36,35,28,35,26,26,26,18,9,39,25,18,7,20,8,30,23,75,78,78,78,78,76,148,141,150,146,136,-21,-24,-311,-177,-180,137,139,145,-189,137,-202,119,-383,93,-279,118,-190,125,-252,141,-220,33,-382,20,20]} 1. Nf3 Nf6 2. g3 g6 3. b3 Bg7 4. Bb2 O-O 5. Bg2 d6 6. d4 c5 7. O-O Nc6 8. d5 Na5 {A49: 1 d4 Nf6 2 Nf3 g6 3 g3: Anti-King's Indian systems.} 9. Re1 e6 10. dxe6 {[#]} Bxe6 $146 {White has an edge.} ({Predecessor:} 10... fxe6 11. c4 d5 12. Nbd2 b6 13. e4 dxc4 14. e5 Nd5 15. Nxc4 Nxc4 16. bxc4 Nb4 17. Qxd8 Rxd8 {1-0 (43) Mandiza,F (2375)-Panuganti,K (2000) Greensboro 2016}) 11. e4 Nc6 12. c4 Bg4 13. h3 Bxf3 14. Bxf3 Re8 15. Nc3 Nd7 16. Bg2 (16. Qxd6 $2 Nde5 $19) 16... h5 (16... a6 $11 {remains equal.}) 17. Qxd6 $16 Nd4 18. Rad1 Be5 19. Qd5 {Strongly threatening f4.} Qc8 {[#]} (19... Qc7 $142) 20. Na4 $1 Nc2 21. Re2 $36 {[%mdl 2048] Keeping Black busy.} ({But not} 21. Qxd7 $6 Qxd7 22. Rxd7 Nxe1 $14) 21... Bxb2 22. Rdd2 $2 ({Much less strong is} 22. Nxb2 Nd4 $14) (22. Rxc2 $16 Bd4 {[#]} 23. Nxc5 $1 {[%mdl 512]} Bxc5 24. Qxd7) 22... Bd4 $11 23. Nxc5 $2 {[%mdl 8192]} (23. Rxc2 $11 {and White has nothing to worry.} Ne5 24. Rcd2) 23... Bxc5 (23... Nxc5 $142 24. Rxc2 Rd8) 24. Qxd7 $19 a5 $2 (24... Qxd7 $19 25. Rxd7 Nd4) 25. Qxc8 $16 Raxc8 26. Rd1 $2 {[%mdl 8192]} (26. Rxc2 $16 {Threatens to win with e5.} Re7 27. Rcd2) 26... b6 $2 ({Black should try} 26... Nd4 $19 27. Red2 Rcd8) 27. Kf1 $2 {[%mdl 8192]} (27. Rxc2 $16 f6 28. Kh2) 27... Bb4 $2 (27... Nd4 $19 28. Red2 Nc6) 28. Rc1 $2 {[%mdl 8192]} (28. Rxc2 $16 f6 29. Rcc1) 28... Kg7 $2 (28... Nd4 $19 29. Re3 Bd2 {[%mdl 64] Double Attack}) 29. Rd1 $2 {[%mdl 8192]} (29. Rexc2 $16 {keeps the pressure on.} Rcd8 30. Re2) 29... Bc5 $2 (29... Na3 $19 {And now ...b5 would win.} 30. e5 b5) 30. h4 $2 {[%mdl 8192]} (30. Rxc2 $16 {is necessary to keep the advantage.} h4 31. gxh4) 30... Kf8 $2 ({Black should play} 30... Na3 $19 31. e5 b5) 31. Rd5 $2 {[%mdl 8192]} (31. Rxc2 $16 {is forced if you want to stay better. Hoping for f4.} Re7 32. f4) 31... Re7 $2 (31... Nb4 $19 32. Rdd2 Rcd8) 32. e5 $2 {[%mdl 8192]} (32. Rxc2 $16 {aiming for f4.} f6 33. f4) 32... Rce8 $2 (32... Nb4 $19 33. Rd1 Nc6 34. Bxc6 Rxc6 35. Rd8+ Re8 36. Rxe8+ Kxe8) 33. f4 $2 {[%mdl 8192]} (33. Rxc2 $14 {was the only good move.} Rxe5 34. Rxe5 Rxe5 35. Bf3) 33... f6 $2 (33... Ne3+ $19 34. Rxe3 Bxe3) 34. Rxc2 {Accuracy: White = 31%, Black = 27%.} 1/2-1/2

[Event "40th IND-chT Open 2020"]
[Site "Ahmedabad"]
[Date "2020.02.08"]
[Round "2.3"]
[White "Lalith Babu M R"]
[Black "Gajendra, Singh"]
[Result "1-0"]
[WhiteElo "2550"]
[BlackElo "1872"]
[Annotator "TA"]
[PlyCount "63"]
[EventDate "2020.02.05"]
[EventCountry "IND"]
[SourceTitle "playchess.com"]
[Source "ChessBase"]
[SourceQuality "1"]

{[%evp 18,63,41,37,35,31,95,84,88,66,62,64,52,62,64,56,133,122,130,150,158,135,152,124,139,154,137,123,253,221,920,917,2084,2071,2071,1930,1675,1060,1960,1859,5452,5443,29990,29991,29993,29994,29994,29992]} 1. Nf3 e6 2. c4 d5 3. d4 Nf6 4. g3 Be7 5. Bg2 dxc4 6. Qa4+ Bd7 7. Qxc4 Bc6 8. O-O Nbd7 9. Nc3 O-O 10. Qd3 {10.Re1 is the modern continuation.} a5 {E02: Open Catalan: 5 Qa4+.} 11. Rd1 {[#]} a4 $146 (11... Bb4 $14) ({Predecessor:} 11... Qb8 12. Bg5 h6 13. Bxf6 Nxf6 14. Rac1 Rd8 15. Qc2 Qa7 16. e3 a4 17. h3 Rdc8 18. Ne5 Bxg2 19. Kxg2 {0-1 (76) Steiner,S (2303)-Dietmayer Kraeutler,M (2345) Austria 2019}) 12. e4 $16 b5 {White is better.} 13. e5 Nd5 14. Nxb5 Bxb5 15. Qxb5 a3 16. Qc6 N7b6 (16... axb2 $14 17. Bxb2 N7b6) 17. b3 Nb4 {[#]} 18. Qe4 $1 N6d5 {White should prevent ...Nc3.} 19. Bd2 c6 20. Rdc1 Qb6 21. Ng5 $36 {[%csl Gg5][%cal Re4h7][%mdl 2048] White is really pushing.} g6 22. h4 Kg7 (22... Rac8 $16) 23. h5 $18 h6 $2 {[#]} (23... Bxg5 24. Bxg5 Kg8) 24. Nxe6+ $1 {[%mdl 576] Deflection} fxe6 25. Qxg6+ {[%mdl 64] Double Attack} Kh8 26. Be4 {[%csl Ge4][%cal Rg6h7]} Rf5 27. Qxe6 Rf6 28. exf6 Bxf6 29. Bxb4 Rg8 30. Bxd5 {[%csl Gd5][%cal Re6g8][%mdl 64] Pin. White mates.} Rxg3+ 31. fxg3 {[%csl Gd5][%cal Re6g8]} Qxd4+ {[#]} 32. Kg2 $1 {Accuracy: White = 86%, Black = 44%.} 1-0

[Event "40th IND-chT Open 2020"]
[Site "Ahmedabad"]
[Date "2020.02.08"]
[Round "2.4"]
[White "Sharma, Dinesh K."]
[Black "Sengupta, Deep"]
[Result "1/2-1/2"]
[WhiteElo "2293"]
[BlackElo "2534"]
[Annotator "TA"]
[PlyCount "91"]
[EventDate "2020.02.05"]
[EventCountry "IND"]
[SourceTitle "playchess.com"]
[Source "ChessBase"]
[SourceQuality "1"]

{[%evp 12,91,14,20,37,13,29,-6,-12,-22,-32,-42,-42,-49,-54,-47,0,0,0,0,0,0,30,41,45,0,0,-21,12,-7,24,14,18,23,22,22,28,12,78,59,68,81,122,115,130,126,125,124,117,117,166,164,166,166,200,200,194,170,170,160,145,41,41,24,24,25,25,25,25,25,25,0,0,0,0,-2,-2,-2,-2,-2,-2,-66]} 1. e4 c6 2. d4 d5 3. e5 Bf5 4. h4 h6 5. g4 Bd7 6. h5 e6 7. f4 c5 {B12: Caro-Kann: Advance Variation.} 8. Nf3 Nc6 9. dxc5 Bxc5 {[#]} 10. a3 $146 ({Predecessor:} 10. Bd3 Qb6 11. Qe2 Nd4 12. Nxd4 Bxd4 13. c3 Bc5 14. Nd2 Rc8 15. Nb3 {1-0 (46) Brimble,M (1522)-Porjaor,C (1516) Dos Hermanas 2004}) 10... Nge7 11. Bd3 Qc7 12. Nc3 a6 13. Qe2 Nd4 14. Nxd4 Bxd4 15. Bd2 O-O-O 16. O-O-O f6 17. exf6 gxf6 18. Kb1 (18. g5 $14) 18... e5 $11 {White should prevent ...e4.} 19. Bg6 $1 Bc6 20. fxe5 fxe5 21. g5 Bxc3 22. bxc3 d4 23. Rhe1 {Strongly threatening cxd4.} hxg5 24. cxd4 Rxd4 (24... Qb6+ $11 {keeps the balance.} 25. Ka2 Nxg6 26. hxg6 Bb5 27. Qxe5 Qxg6) 25. Bc3 $16 Bb5 26. Qxe5 {[%mdl 64] Double Attack} Rxd1+ 27. Rxd1 Nxg6 28. Qxc7+ Kxc7 29. hxg6 $14 {[%mdl 4096] Endgame KRB-KRB} Rg8 30. Be5+ Kc6 31. g7 g4 32. Kb2 Bc4 33. Rd4 Be2 34. Re4 Bf3 {[#]} 35. Rf4 $1 Kd5 36. Bd4 ({Better is} 36. Bc3 $16 Kd6 37. Bd4) 36... Be4 37. Bf6 g3 {[#]} 38. c4+ $1 {[%mdl 512]} Ke6 {White must now prevent ...g2.} (38... Kxc4 39. Rxe4+) 39. Bd4 Bf5 {aiming for ...g2.} 40. Rf3 g2 {...Rxg7! is the strong threat.} 41. Re3+ Kf7 {The position is equal.} 42. Rg3 Be4 43. a4 Rd8 44. a5 Kg8 45. Kc3 Rd6 46. c5 {Accuracy: White = 83%, Black = 76%.} (46. Rg5 $11) 1/2-1/2

[Event "40th IND-chT Open 2020"]
[Site "Ahmedabad"]
[Date "2020.02.08"]
[Round "2.5"]
[White "Eshwanth Dev, Kumar J"]
[Black "Vignesh N R"]
[Result "0-1"]
[WhiteElo "1850"]
[BlackElo "2436"]
[Annotator "TA"]
[PlyCount "58"]
[EventDate "2020.02.05"]
[EventCountry "IND"]
[SourceTitle "playchess.com"]
[Source "ChessBase"]
[SourceQuality "1"]

{[%evp 20,76,21,24,29,0,30,-28,-31,-27,52,60,86,135,153,147,133,161,150,139,150,12,13,-12,31,32,32,-68,-51,-102,-122,-125,-110,-114,-98,-112,-20,-174,-153,-422,-382,-447,-446,-469,-458,-737,-723,-1447,-949,-947,-1055,-1062,-1036,-1058,-1062,-1040,-1059,-1038,-1041]} 1. e4 c5 2. Nf3 d6 3. d4 cxd4 4. Nxd4 Nf6 5. Nc3 Nc6 6. f3 e5 7. Nb3 Be7 8. Be3 O-O 9. Qd2 Be6 10. O-O-O a5 11. Bb5 {11.Bb5 is better than 11.Kb1.} Qb8 {B56: Classical Sicilian: Unusual Lines.} 12. g4 Rc8 {Threatening ...a4!} 13. g5 {[#]} ({White should play} 13. Kb1) 13... Ne8 $146 {Black has an edge.} ({Predecessor:} 13... Nd7 14. Kb1 Qc7 15. h4 Na7 {½-½ (17) Aguilar,A (2204)-Kanefsck,G (2389) Buenos Aires 2003}) 14. f4 {And now f5 would win.} Nb4 (14... a4 $11 15. f5 (15. Nxa4 exf4 16. Bxf4 Rxa4 $17) (15. Bxa4 b5 $17) 15... Bxb3 16. cxb3 axb3) 15. f5 $1 $14 {[%cal Rf5e6]} Bxb3 16. axb3 Nc7 17. Qe2 Nxb5 18. Qxb5 Rc6 19. Kb1 Qc7 20. Nd5 (20. f6 $16 Bf8 21. Rhe1) 20... Nxd5 $11 21. exd5 Rca6 22. f6 Bf8 $1 {White should prevent ...a4.} 23. Qa4 (23. Rd3 $14) 23... b5 $1 $15 {[%cal Rb5a4]} 24. Qxb5 (24. Qa3 $1 $15) 24... a4 $17 25. bxa4 Rxa4 {[%csl Ga8][%cal Ra4a1]} 26. c3 Qc8 {[%mdl 1024] Strongly threatening ...Qf5+. Black has strong compensation.} 27. Kc2 {[#]} Rc4 (27... Ra2 $1 $17 {White must now prevent ...Rb8.} 28. Rb1 Rb8) 28. Ra1 $2 (28. Kb3 $1 $11) 28... Rb8 $36 {[%mdl 2048] Keeping White busy.} 29. Bb6 $2 {[#]} (29. Qa5 $17 {only move.}) 29... Qf5+ {Played: Rc4-c5} 0-1

[Event "40th IND-chT Open 2020"]
[Site "Ahmedabad"]
[Date "2020.02.08"]
[Round "2.6"]
[White "Ravi, Teja S."]
[Black "Sibi Visal R"]
[Result "1-0"]
[WhiteElo "2470"]
[BlackElo "2074"]
[Annotator "TA"]
[PlyCount "100"]
[EventDate "2020.02.05"]
[EventCountry "IND"]
[SourceTitle "playchess.com"]
[Source "ChessBase"]
[SourceQuality "1"]

{[%evp 14,100,27,13,15,14,11,17,24,23,22,24,23,17,37,20,27,13,36,33,41,29,37,43,44,47,67,25,90,90,88,83,160,126,162,163,175,172,156,76,86,92,91,31,30,23,94,31,211,218,212,214,215,214,201,162,232,232,224,212,193,200,352,348,352,352,525,513,453,342,312,304,500,544,2343,2151,5700,5648,5577,5236,5675,5591,5548,4874,5097,5012,29976,29978,29983]} 1. d4 Nf6 2. c4 e6 3. Nc3 Bb4 4. e3 c5 5. Nge2 cxd4 6. exd4 d5 7. a3 Be7 8. cxd5 Nxd5 {E42: Nimzo-Indian: Rubinstein: 4...c5 5 Ne2.} 9. Nxd5 Qxd5 10. Nc3 Qd8 {The position is equal.} 11. Bc4 O-O 12. Be3 Nd7 13. O-O Nb6 {[#]} 14. Ba2 $146 ({Predecessor:} 14. Bb3 Bf6 15. Qf3 g6 16. Rfd1 Bg7 17. Rac1 Qf6 18. Qg3 Qf5 19. Qc7 Nd5 20. Nxd5 exd5 {½-½ (61) Marquinez Capillas,F (2240)-Diaz Mino,P (1979) Marbella 2018}) 14... Bd7 15. d5 Nxd5 16. Nxd5 exd5 17. Bxd5 Bc6 18. Bxc6 bxc6 19. Rc1 {[%cal Ba1c1,Bc1c6,Bc6a6][%mdl 32]} Bf6 20. Rxc6 Qxd1 (20... Bxb2 $11 21. a4 g6) 21. Rxd1 $16 Bxb2 22. Ra6 Rfd8 (22... f5 $142) 23. Rxd8+ Rxd8 {[%cal Rd8d1][%mdl 4096] Endgame KRB-KRB} 24. Kf1 h5 25. Rxa7 Bd4 26. Re7 (26. Bxd4 $142 Rxd4 27. Ra8+ Kh7 28. Ke2) 26... Bxe3 27. Rxe3 {KR-KR} Ra8 28. h4 (28. Ke2 $16) 28... Kh7 $14 29. Ke2 Kg6 (29... Ra4 $11) 30. Rf3 (30. Kd2 $16) 30... Rb8 $2 ({Better is} 30... Ra4 $14) 31. Kd2 $18 Ra8 {[#]} 32. Kc2 $1 f6 33. Kb3 Rb8+ 34. Ka2 Ra8 (34... Kf7 $142 35. a4 Ke6) 35. Rf4 Kf7 36. a4 Ke6 37. Kb3 Kd5 $2 (37... g5 38. Rb4 Kd6) 38. Rf5+ {[%mdl 64] [#] Double Attack} Kd4 39. Rxh5 Rc8 (39... Re8 $142 40. Rf5 Re1) 40. Rf5 Rc1 41. Rf4+ Kc5 42. Rg4 Rf1 $2 (42... Rb1+ {might work better.} 43. Kc3 Rb7 44. Rc4+ Kd5) 43. Rxg7 Rxf2 44. h5 Rf5 45. h6 Rh5 46. h7 Rh1 47. Kc3 f5 48. Rf7 f4 49. Kd3 Kd5 50. a5 Rh5 {Accuracy: White = 83%, Black = 52%.} 1-0

[Event "40th IND-chT Open 2020"]
[Site "Ahmedabad"]
[Date "2020.02.08"]
[Round "2.7"]
[White "Sa, Kannan"]
[Black "Shyaamnikhil P"]
[Result "0-1"]
[WhiteElo "1936"]
[BlackElo "2460"]
[Annotator "TA"]
[PlyCount "134"]
[EventDate "2020.02.05"]
[EventCountry "IND"]
[SourceTitle "playchess.com"]
[Source "ChessBase"]
[SourceQuality "1"]

{[%evp 23,134,19,19,20,38,22,36,21,19,24,20,23,22,20,20,20,28,26,28,13,17,0,18,8,14,29,27,0,0,-14,0,0,0,0,0,0,0,0,-12,-76,-76,-79,-79,-79,-79,-79,-80,-81,-81,-130,-125,-123,-105,-115,-118,-128,-117,-123,-123,-133,-126,-135,-140,-131,-131,-134,-91,-155,-168,-162,-91,-91,-91,-91,-91,-91,-91,-92,-91,-95,-58,-103,-103,-104,-82,-78,-40,-33,-8,-120,-116,-129,-109,-105,-65,-71,-65,-65,-14,-12,-16,-13,-13,-66,-65,-71,-72,-166,-166,-166,-166,-29975,-29976]} 1. c4 c5 2. Nc3 g6 3. Nf3 Bg7 4. g3 Nc6 5. Bg2 d6 6. O-O Nf6 7. d4 cxd4 8. Nxd4 Bd7 9. b3 Nxd4 10. Qxd4 Bc6 11. Bb2 O-O 12. Nd5 Bxd5 13. Bxd5 {E60: King's Indian: Unusual lines and Fianchetto Variation without Nc3} Qd7 14. Rfd1 {[#]} Rfc8 $146 ({Predecessor:} 14... Nh5 15. Qd2 Bxb2 16. Qxb2 Rac8 17. Qd4 b6 18. a4 Qc7 19. a5 Rb8 20. axb6 Rxb6 {½-½ (46) Moehring,G-Maedler,J Magdeburg 1964}) 15. Bg2 {White is slightly better.} Ne8 16. Qd2 Bxb2 17. Qxb2 Rc5 18. Rd4 Rac8 19. a4 a5 20. Rad1 Qc7 21. Bh3 Ra8 {[%cal Bc8a8,Ba8a6,Ba6b6,Bb6b4][%mdl 32]} 22. Bg2 Ra6 23. R1d3 Rb6 24. Qd2 Nf6 25. Rh4 Rb4 26. g4 h5 27. gxh5 Rxh5 28. Rxh5 Nxh5 29. Qg5 e5 $1 {With the idea ...Nf4.} 30. e3 Kg7 $1 31. Bf3 (31. Bd5 $11) 31... Nf6 $17 {Strongly threatening ...e4.} 32. e4 Qb6 33. Qe3 Qxe3 34. Rxe3 {[%mdl 4096] Endgame KRB-KRN} Nd7 35. Bd1 Nc5 36. f3 Rb6 37. Kf2 Rc6 38. Bc2 Rc8 39. h4 Kf6 40. Kg3 Rh8 41. Re2 Ne6 42. Rd2 Nd4 43. Rh2 Ke7 44. Bd1 Ne6 45. b4 (45. Rb2 $142) 45... axb4 46. Rb2 Kd7 (46... g5 $1 $19 47. h5 Rxh5 48. Rxb4 Nc5) 47. Rxb4 Kc7 48. Rb2 Ra8 49. Rh2 Nf4 50. Rd2 Ra6 51. Kg4 Ne6 52. h5 gxh5+ 53. Kxh5 Rb6 54. Kg4 Kd7 55. f4 exf4 56. Kf5 (56. e5 $11) 56... Ke7 $1 57. e5 dxe5 58. Kxe5 Rc6 59. Be2 Rc5+ 60. Rd5 {[#]} f6+ ({Black should try} 60... f3 $1 $15 {[%mdl 512]} 61. Bxf3 Rxc4) 61. Ke4 $11 f3 62. Bf1 $1 Ng5+ 63. Kf5 (63. Kd4 $1 $11 Rxd5+ 64. Kxd5) 63... Rxd5+ $15 64. cxd5 {[#]} b6 $1 65. Bd3 {[#]} (65. Ba6 $17) 65... Nf7 $1 $19 66. Kf4 Kd6 67. Kxf3 $2 (67. Ke3 $19) 67... Ne5+ {[%mdl 64] Double Attack. Accuracy: White = 72%, Black = 86%.} 0-1

[Event "40th IND-chT Open 2020"]
[Site "Ahmedabad"]
[Date "2020.02.08"]
[Round "2.8"]
[White "Swapnil, S. Dhopade"]
[Black "Senthil Kumaran, R.P."]
[Result "1/2-1/2"]
[WhiteElo "2495"]
[BlackElo "1957"]
[Annotator "TA"]
[PlyCount "80"]
[EventDate "2020.02.05"]
[EventCountry "IND"]
[SourceTitle "playchess.com"]
[Source "ChessBase"]
[SourceQuality "1"]

{[%evp 19,80,30,41,33,45,23,65,37,44,27,100,105,97,83,90,60,100,91,105,68,69,51,106,106,119,114,105,89,89,85,101,93,106,89,124,115,132,127,135,127,136,116,130,25,24,24,32,14,19,14,6,0,0,0,0,0,0,0,0,0,0,0,0]} 1. d4 Nf6 2. c4 e6 3. Nf3 d5 4. Nc3 c6 5. e3 Nbd7 6. Qc2 Be7 7. Bd3 h6 8. O-O O-O 9. b3 Re8 10. Bb2 Bd6 11. Rad1 {D46: Semi-Slav: 5 e3 Nbd7 6 Bd3, Black avoids the Meran.} Qe7 12. e4 {[#] e5 is the strong threat.} dxe4 13. Nxe4 {White is slightly better.} Nxe4 14. Bxe4 {[#]} Nf8 $146 (14... Nf6 $11 {keeps the balance.}) ({Predecessor:} 14... Nf6 15. Bd3 b6 16. Qe2 Bb7 17. Bb1 c5 18. Ne5 Rad8 19. Rfe1 cxd4 20. Rxd4 Qc7 {½-½ (47) Krumphals,F (2186)-Elpons,W (1922) Austria 2018}) 15. Ne5 Bd7 16. c5 Bc7 17. b4 a6 18. a4 Reb8 19. g3 Be8 20. Rfe1 Nd7 (20... a5 $14) 21. Nxd7 $16 Qxd7 22. Qc3 $36 {[%mdl 2048] [#] Strongly threatening d5. White is really pushing.} f6 23. Bd3 Bf7 24. Bc4 Re8 25. Qb3 Re7 26. Rd3 Kf8 27. Rde3 Rae8 28. b5 axb5 29. axb5 Bb8 30. Bc3 Qc8 31. Qb1 (31. h4 $16) 31... e5 $11 32. Bxf7 Kxf7 33. bxc6 bxc6 {The position is equal.} 34. dxe5 Bxe5 35. Bxe5 (35. Ba5 {is interesting.} Qg4 36. Qb3+ Qe6 37. Qd1 Rd7 38. Qh5+) 35... Rxe5 36. Qb3+ Kf8 37. Rxe5 Rxe5 38. Rxe5 fxe5 39. h4 Ke7 40. Kg2 Qe6 {Accuracy: White = 84%, Black = 75%.} 1/2-1/2

[Event "40th IND-chT Open 2020"]
[Site "Ahmedabad"]
[Date "2020.02.08"]
[Round "2.9"]
[White "Raja Harshit"]
[Black "Chauhan, Joy"]
[Result "1-0"]
[WhiteElo "2472"]
[BlackElo "1864"]
[Annotator "TA"]
[PlyCount "75"]
[EventDate "2020.02.05"]
[EventCountry "IND"]
[SourceTitle "playchess.com"]
[Source "ChessBase"]
[SourceQuality "1"]

{[%evp 11,75,52,44,18,24,28,35,31,27,0,7,0,8,20,50,4,18,9,7,14,13,7,68,41,70,79,111,67,67,44,47,8,8,8,8,8,22,31,25,25,48,56,56,57,57,57,268,266,263,248,266,268,274,264,341,341,333,332,325,309,350,365,420,422,29996,29997]} 1. e4 g6 2. d4 Bg7 3. Nc3 d6 4. Nf3 a6 5. Be2 b5 6. O-O Bb7 7. a4 {B06: Modern Defence.} b4 8. Nd5 Nf6 9. Nxf6+ {White is slightly better.} exf6 {[#]} 10. d5 $146 ({Predecessor:} 10. Bd3 O-O 11. Re1 c5 12. h4 cxd4 13. h5 Re8 14. h6 Bf8 15. Bf4 Nd7 16. Nxd4 {0-1 (39) Glowinski,D (1661)-Kolanowski,M (2065) ICCF email 2018}) 10... O-O 11. Bd2 a5 12. Re1 c5 13. dxc6 Nxc6 14. c3 d5 15. exd5 Qxd5 16. Be3 Ne5 (16... Qe6 $11) 17. Qxd5 $14 Bxd5 18. cxb4 $1 Nxf3+ 19. Bxf3 Bxf3 20. gxf3 {Hoping for b5.} axb4 21. Bc5 Rfc8 22. Bxb4 f5 23. Re2 Rcb8 24. Bc3 Bxc3 25. bxc3 {[%mdl 4096] Endgame KRR-KRR} Rc8 26. Ra3 Rc4 27. a5 {[%cal Ba4a5,Ba5a6,Ba6a7][%mdl 32]} Rc5 28. a6 Rc6 $2 {[#]} (28... Ra7 $1 $14) 29. a7 $18 Rc7 30. Rea2 Kg7 31. Kf1 Kf6 32. Ke2 Re8+ 33. Kd3 Rd8+ 34. Kc2 Ra8 35. Ra4 Ke5 36. f4+ Kd5 37. Kd3 Re7 (37... Kd6 $18 38. c4 Kc6 39. Ra6+ Kb7) 38. Ra6 {Accuracy: White = 84%, Black = 64%.} 1-0